000 01000cam a22003131 4500
001 7372
003 BD-RjUL
005 20211208234415.0
008 140113s1953 xx ab 000 0 eng d
035 _a(BD-RjUL) 7415
035 _a(OCoLC)2606792
040 _aDLC
_cPCarlMH
_dDLC
_beng
041 _aeng
082 0 0 _bGAS
100 1 _aGarthoff, Raymond L
_917252
245 1 0 _aSoviet military doctrine /
_cGarthoff, Raymond L
250 _a1st
260 _aSanta Monica, Calif.,
_bRand Corp.,
_cc1953.
300 _axviii, 587 p.
_billus., maps.
_c24 cm.
490 1 _aRand report R-223
500 _aAt head of title: Project Rand.
500 _a"This study is largely a revised and extended version of ... [the author's] dissertation ... Yale University."
504 _aBibliography: p. 507-565.
650 0 _aMilitary art and science.
_923034
651 0 _aSoviet Union
_xPolitics and government.
_923035
942 _2ddc
_cBK
999 _c7372
_d7372